| 000 | 00956nam a22002535a 4500 | ||
|---|---|---|---|
| 003 | OSt | ||
| 005 | 20170305124003.0 | ||
| 008 | 170226s2006 ua frbe 000 0 ara d | ||
| 015 | _a2006 / 14325 | ||
| 020 | _a97798459 | ||
| 040 |
_aEG-ScBUE _bara _cEG-ScBUE |
||
| 043 | _af-ua--- | ||
| 082 | 0 | 4 |
_222 _a346.62022 _bش هـ ا |
| 100 | 1 | _aشهاوي، قدري عبد الفتاح. | |
| 245 | 1 | 0 |
_aموسوعة صيغ العقود الرسمية والعرفية : _bنصوصا، أحكاما، مشارطة، إلتزاما، آثارا / _cقدري عبد الفتاح الشهاوي. |
| 250 | _aط. 1. | ||
| 260 |
_aالقاهرة : _bدار النهضة العربية، _c2006. |
||
| 300 |
_a1183 ص. ؛ _c24 سم. |
||
| 504 | _aيشتمل على إرجاعات ببليوجرافية. | ||
| 650 | 7 |
_2BUEsh _a العقود (قانون مدني) _zمصر _vدوائر معارف. |
|
| 651 | _2BUEsh | ||
| 653 |
_bLLAAWW _cMarch2017 |
||
| 942 | _2ddc | ||
| 999 |
_c24318 _d24290 |
||